読みが7文字以上の市町村 - Statistics

General Stats
  • This quiz has been taken 84 times
  • The average score is 39 of 50
Answer Stats
文字数 都道府県 Answer % Correct
7文字 福島県 会津若松市
97%
7文字 鹿児島県 いちき串木野市
95%
8文字 千葉県 大網白里市
88%
7文字 滋賀県 近江八幡市
88%
7文字 鹿児島県 薩摩川内市
88%
9文字 鹿児島県 南九州市
87%
8文字 福岡県 北九州市
87%
8文字 奈良県 大和郡山市
87%
7文字 大阪府 東大阪市
87%
7文字 広島県 東広島市
87%
7文字 山梨県 南アルプス市
87%
7文字 千葉県 南房総市
87%
8文字 愛媛県 四国中央市
85%
7文字 新潟県 南魚沼市
85%
7文字 東京都 西東京市
83%
7文字 東京都 東村山市
83%
7文字 東京都 武蔵村山市
83%
7文字 大阪府 大阪狭山市
82%
7文字 山口県 山陽小野田市
82%
7文字 茨城県 常陸大宮市
82%
7文字 栃木県 那須烏山市
80%
7文字 神奈川県 南足柄市
80%
7文字 長崎県 南島原市
80%
7文字 秋田県 由利本荘市
80%
7文字 山梨県 富士河口湖町
80%
7文字 大阪府 千早赤阪村
80%
7文字 兵庫県 丹波篠山市
78%
7文字 埼玉県 東松山市
78%
7文字 宮崎県 都城市
78%
7文字 長崎県 新上五島町
78%
7文字 山口県 周防大島町
78%
8文字 広島県 神石高原町
77%
7文字 京都府 長岡京市
77%
7文字 石川県 宝達志水町
77%
7文字 沖縄県 南大東村
77%
7文字 宮城県 東松島市
75%
7文字 福井県 南越前町
73%
7文字 岩手県 陸前高田市
72%
7文字 大阪府 四條畷市
67%
8文字 広島県 大崎上島町
65%
7文字 岡山県 吉備中央町
65%
7文字 鹿児島県 南大隅町
65%
7文字 宮城県 南三陸町
65%
7文字 長野県 野沢温泉村
65%
7文字 京都府 南山城村
63%
7文字 山梨県 市川三郷町
62%
7文字 岐阜県 東白川村
62%
7文字 群馬県 東吾妻町
60%
7文字 千葉県 横芝光町
58%
7文字 沖縄県 北中城村
55%
No matching quizzes found
Score Distribution
Percent of People with Each Score
Percentile by Number Answered
Your Score History
You have not taken this quiz